[Event "49th Belgrade WGM 2017"]
[Site "Belgrade SRB"]
[Date "2017.03.08"]
[Round "6.1"]
[White "Djukic,Sa"]
[Black "Benderac,A"]
[Result "0-1"]
[WhiteElo "2182"]
[BlackElo "2206"]

1.d4 d5 2.c4 c6 3.cxd5 cxd5 4.Nc3 Nf6 5.Bf4 Nc6 6.e3 e6 7.Bd3 a6 8.Nf3 Be7
9.h3 Qb6 10.O-O Bd7 11.a3 Na5 12.b4 Nc4 13.Bxc4 dxc4 14.Ne5 O-O 15.Qe2 Rfc8
16.Rfc1 Bb5 17.a4 Be8 18.a5 Qxb4 19.Rab1 Qxa5 20.Nxc4 Rxc4 21.Qxc4 b5 22.Qd3
b4 23.Ne4 Nd5 24.Bg3 Qd8 25.Nc5 a5 26.Qc4 Nc3 27.Rxc3 bxc3 28.Qxc3 Qd5 29.e4
Qc6 30.f3 a4 31.Ra1 h5 32.Bf4 Qb5 33.Be5 h4 34.Bf4 Rc8 35.Kh2 e5 36.Bxe5 Bxc5
37.Rc1 Bxd4 38.Qxc8 Bxe5+ 39.Kh1 Kh7 40.Qf5+ g6 41.Qg5 Bg3 42.Qe7 Qd7 43.Qb4
Bf4 44.Rb1 Qd3 45.e5 Bd7 46.Re1 Bg3 47.Qe7 Be6 48.Ra1 Qc3 49.Rf1 a3 50.f4 Qd3
{#R} 0-1

[Event "49th Belgrade WGM 2017"]
[Site "Belgrade SRB"]
[Date "2017.03.08"]
[Round "6.2"]
[White "Nestorovic,Katarina"]
[Black "Blagojevic,Tijana"]
[Result "0-1"]
[WhiteElo "2134"]
[BlackElo "2259"]

1.e4 e5 2.Nf3 Nc6 3.Nc3 Nf6 4.d4 exd4 5.Nxd4 Bb4 6.Nxc6 bxc6 7.Bd3 O-O 8.O-O
d5 9.exd5 cxd5 10.h3 c5 11.Qf3 Be6 12.Bg5 Bxc3 13.bxc3 h6 14.Bh4 c4 15.Be2 Re8
16.Rfd1 Rc8 17.Rd4 g5 18.Bg3 Ne4 19.Rad1 Qe7 20.Bh2 Qf6 21.Qxf6 Nxf6 22.Bf3
Rc6 23.Be5 Nd7 24.Bg3 Nb6 25.Re1 Rd8 26.Rdd1 Rc5 27.Rb1 Ra5 28.Bc7 Ra8 29.Bxb6
axb6 30.Rxb6 Rxa2 31.Re5 R8a5 32.Re2 R5a3 33.Re5 Ra5 34.Re2 Kg7 35.Rd6 R2a3
36.Re3 Ra1+ 37.Kh2 Rc1 38.Re2 Ra2 39.Bxd5 Bxd5 40.Rxd5 Rcxc2 41.Re3 Rxf2
42.Rg3 Rf4 43.Rc5 Rc2 44.Re5 Kg6 45.Ree3 Rc1 46.Rgf3 Rxf3 47.Rxf3 Rd1 48.Kg3
f5 49.Kf2 Rd2+ {#R} 0-1

[Event "49th Belgrade WGM 2017"]
[Site "Belgrade SRB"]
[Date "2017.03.08"]
[Round "6.5"]
[White "Tomilova,E"]
[Black "Zarkovic,M"]
[Result "1-0"]
[WhiteElo "2292"]
[BlackElo "2238"]

1.d4 Nf6 2.Bg5 e6 3.e4 h6 4.Bxf6 Qxf6 5.c3 c5 6.Nf3 cxd4 7.cxd4 Bb4+ 8.Nc3 O-O
9.Rc1 d6 10.a3 Bxc3+ 11.Rxc3 e5 12.Be2 Nc6 13.d5 Ne7 14.Nd2 Ng6 15.g3 Qd8
16.h4 Kh8 17.h5 Ne7 18.g4 Ng8 19.Nc4 Nf6 20.f3 b5 21.Ne3 Bd7 22.Qc1 Qb6 23.Nc2
Rac8 24.Qe3 Qa5 25.Kd2 Rxc3 26.Qxc3 Qb6 27.Qe3 Qa5+ 28.Nb4 Nh7 29.Rc1 Ng5
30.Kc2 Rc8+ 31.Kb1 Rxc1+ 32.Kxc1 Qc7+ 33.Kb1 a5 34.Nc6 b4 35.Qa7 Qxa7 36.Nxa7
bxa3 37.bxa3 g6 38.a4 gxh5 39.gxh5 f5 40.Bb5 Bxb5 41.axb5 Nf7 42.Nc6 {#r} 1-0

[Event "Open ch-Subotica 2017"]
[Site "Subotica SRB"]
[Date "2017.03.08"]
[Round "7.1"]
[White "Arbutina,S"]
[Black "Scepanovic,L"]
[Result "1-0"]
[WhiteElo "2341"]
[BlackElo "2154"]

1.d4 d6 2.c4 Nd7 3.e4 e5 4.Be3 Ngf6 5.f3 Be7 6.Nc3 O-O 7.Nge2 exd4 8.Nxd4 Re8
9.Be2 Nf8 10.Qd2 Bd7 11.O-O Qc8 12.Bd3 Ng6 13.b3 a5 14.Rac1 Ne5 15.Bc2 a4
16.Kh1 axb3 17.axb3 Bd8 18.f4 Ng6 19.Nf3 b6 20.Bd4 Nh5 21.Nd5 Rb8 22.f5 Ne5
23.Qc3 c6 24.Bxe5 dxe5 25.Ne3 Qc7 26.Ng4 f6 27.b4 Be7 28.Nf2 Red8 29.Nd3 g5
30.Nf2 Be8 31.g3 Bf7 32.Kg2 Rd7 33.Rh1 Ng7 34.h4 g4 35.Nxg4 Nh5 36.Rcd1 Rbd8
37.Rxd7 Rxd7 38.Nf2 Qd8 39.Nd3 Kh8 40.g4 Rxd3 41.Bxd3 Qxd3 42.Qxd3 Nf4+ 43.Kg3
Nxd3 44.b5 cxb5 45.cxb5 Bc5 46.g5 Kg7 47.Ra1 Nf4 48.Ra7 Kf8 49.Rc7 Ne2+ 50.Kg4
Ke8 51.h5 fxg5 52.Nxg5 Be7 53.Nxh7 Nf4 54.h6 Bd8 55.Rb7 Bh5+ 56.Kg3 Bf7 57.Rb8
Nh5+ 58.Kg4 Ke7 59.Rb7+ Ke8 60.Rxf7 Kxf7 61.Kxh5 Be7 62.Ng5+ Kg8 63.Kg6 {#r}
1-0

[Event "Open ch-Subotica 2017"]
[Site "Subotica SRB"]
[Date "2017.03.08"]
[Round "7.3"]
[White "Nadj Hedjesi,B"]
[Black "Meszaros,B"]
[Result "1-0"]
[WhiteElo "2328"]
[BlackElo "2203"]

1.e4 c5 2.Ne2 Nc6 3.d4 cxd4 4.Nxd4 e6 5.Nc3 Qc7 6.Be3 a6 7.Be2 Nf6 8.a3 Be7
9.f4 d6 10.g4 b5 11.Nxc6 Qxc6 12.Bf3 Bb7 13.Rf1 d5 14.exd5 exd5 15.Bd4 O-O
16.Qd2 Ne4 17.Bxe4 dxe4 18.O-O-O a5 19.f5 b4 20.f6 bxc3 21.Qg5 cxb2+ 22.Kb1 g6
23.Qh6 Qxc2+ 24.Kxc2 Rfc8+ 25.Kxb2 Bf8 26.Qe3 Rab8 27.Ka1 Ba6 28.Rf2 Bd3
29.Rxd3 exd3 30.Qxd3 Rd8 31.Qe3 Re8 32.Qc1 Re6 33.Rc2 Rbe8 34.Ka2 h6 35.Rc8 a4
36.Rxe8 Rxe8 37.Qc6 Re2+ 38.Kb1 Re1+ 39.Ka2 Re2+ 40.Bb2 Rxh2 41.Qxa4 h5
42.gxh5 gxh5 43.Qd1 Bc5 44.Qd8+ Bf8 45.Qd5 h4 46.a4 h3 47.Qg5+ Kh8 48.Qh4+
{#r} 1-0

[Event "Open ch-Subotica 2017"]
[Site "Subotica SRB"]
[Date "2017.03.08"]
[Round "7.4"]
[White "Pajzer,I"]
[Black "Sirotanovic,O"]
[Result "0-1"]
[WhiteElo "2072"]
[BlackElo "2188"]

1.c4 g6 2.d4 Bg7 3.Nc3 Nf6 4.e4 d6 5.f3 O-O 6.Be3 b6 7.Bd3 a6 8.Nge2 c5 9.Qd2
Nc6 10.g4 Nxg4 11.fxg4 cxd4 12.Nd5 dxe3 13.Qxe3 Bxg4 14.O-O-O Ne5 15.h4 h5
16.Kb1 e6 17.Ndf4 Qc7 18.Rc1 Bh6 19.Rc3 Kh7 20.Qg3 Qa7 21.Nc1 Rac8 22.Nh3 b5
23.Ng5+ Kg7 24.Be2 bxc4 25.Bxg4 Nxg4 26.Rf1 Qc7 27.Nf3 Qb7 28.Re1 Qb6 29.Re2
Rc5 30.Nh2 Nxh2 31.Rxh2 Qc6 32.Re2 Rb8 33.Rcc2 a5 34.Qf3 a4 35.Rf2 Qb7 36.a3
Kg8 37.Na2 Bg7 {#R} 0-1

[Event "Open ch-Subotica 2017"]
[Site "Subotica SRB"]
[Date "2017.03.08"]
[Round "7.5"]
[White "Pardic,O"]
[Black "Nadj,Z"]
[Result "1-0"]
[WhiteElo "2154"]
[BlackElo "2082"]

1.d4 Nf6 2.Bg5 Ne4 3.Bf4 c5 4.f3 Nf6 5.d5 d6 6.e4 g6 7.Nc3 Bg7 8.Qd2 a6 9.a4
Qa5 10.Ra3 Nbd7 11.Nge2 Rb8 12.Bh6 Bxh6 13.Qxh6 Qc7 14.Nf4 Ne5 15.Be2 Rg8
16.h4 Ned7 17.O-O c4 18.Kh1 Nf8 19.a5 b5 20.axb6 Qxb6 21.Ra4 Qe3 22.Qg5 h6
23.Qg3 g5 24.Nh3 gxh4 25.Qxh4 Bxh3 26.gxh3 Ng6 27.Qf2 Qxf2 28.Rxf2 Nf4 29.Bxc4
Rg3 30.Rxa6 Rxb2 31.Bf1 Kf8 32.Kh2 N6h5 33.Ra8+ Kg7 34.Ra7 Kf6 35.e5+ Kxe5
36.Rxe7+ Kf6 37.Rd7 Ke5 38.Rxf7 Rg6 39.Rf8 Nf6 40.Ne4 N6xd5 41.Re8+ Re6
42.Rxe6+ Kxe6 43.Bc4 Ke5 44.Bxd5 Nxd5 45.Kg3 Ne3 46.c3 Rxf2 47.Kxf2 d5 48.Kxe3
{#r} 1-0

[Event "PEP 2017"]
[Site "Belgrade SRB"]
[Date "2017.03.08"]
[Round "9"]
[White "Nenezic,M"]
[Black "Bogosavljevic,B"]
[Result "0-1"]
[WhiteElo "2494"]
[BlackElo "2525"]

1.Nf3 c5 2.c4 Nc6 3.d4 cxd4 4.Nxd4 g6 5.e4 Nf6 6.Nc3 Nxd4 7.Qxd4 d6 8.Be2 Bg7
9.Bg5 O-O 10.Qd2 Be6 11.Rc1 a6 12.f3 Qa5 13.b3 Rfc8 14.Na4 Qxd2+ 15.Kxd2 Nd7
16.g4 Rc6 17.Nc3 Kf8 18.Nd5 Bxd5 19.cxd5 Rcc8 20.Be3 Bb2 21.Rxc8+ Rxc8 22.Rb1
Bc3+ 23.Kd1 Bb4 24.a3 Bc5 25.Bd2 Bg1 26.h3 f6 27.g5 Rc7 28.a4 Bd4 29.a5 fxg5
30.Bxg5 Ne5 31.Bd2 Kg7 32.f4 Nd7 33.b4 Nf6 34.Bd3 Nh5 35.Ke2 Rc8 36.b5 Rf8
37.bxa6 bxa6 38.Bxa6 Nxf4+ 39.Kd1 Nxh3 40.Rb4 Bc5 41.Rb7 Kf7 42.Kc2 g5 43.Rc7
g4 44.Bc8 h5 45.a6 Kf6 46.Bb4 Bb6 47.e5+ Kxe5 48.Rxe7+ Kf6 49.Re6+ Kg5 50.Bd7
g3 51.Bxd6 Rf2+ 52.Kb3 g2 53.Bh2 Rf3+ 54.Kb4 Bf2 55.Re8 Nf4 56.Rg8+ Kf6 57.d6
h4 58.Bc6 Nd3+ 59.Kc3 Be1+ 60.Kd4 Bf2+ 61.Kc3 Be1+ 62.Kd4 Bf2+ 63.Kc4 Rg3
64.Rxg3 Ne5+ {#R} 0-1

[Event "PEP 2017"]
[Site "Belgrade SRB"]
[Date "2017.03.08"]
[Round "9"]
[White "Colovic,D"]
[Black "Roganovic,Milo"]
[Result "0-1"]
[WhiteElo "2362"]
[BlackElo "2481"]

1.d4 Nf6 2.Nc3 d5 3.Bf4 c5 4.e3 cxd4 5.exd4 a6 6.Nf3 Bg4 7.Be2 Bxf3 8.Bxf3 Nc6
9.O-O e6 10.a3 Bd6 11.Bxd6 Qxd6 12.Re1 b5 13.Na2 O-O 14.c3 Nd7 15.Nb4 a5
16.Nd3 b4 17.Qd2 bxc3 18.Qxc3 Rfc8 19.Rec1 a4 20.Nb4 Ne7 21.Qd2 g6 22.h3 Kg7
23.g4 h6 24.Rxc8 Rxc8 25.Rc1 Rxc1+ 26.Qxc1 g5 27.Be2 Qb6 28.Qc3 Ng6 29.Bf1 Nf6
30.Nd3 Nh4 31.Nc5 Qb8 32.Nxa4 Ne4 33.Qe3 f5 34.gxf5 Nxf5 35.Qd3 Qf4 36.f3 Qg3+
37.Bg2 Qf2+ {#R} 0-1

[Event "PEP 2017"]
[Site "Belgrade SRB"]
[Date "2017.03.08"]
[Round "9"]
[White "Ozen,Bahadir"]
[Black "Markoja,B"]
[Result "0-1"]
[WhiteElo "2303"]
[BlackElo "2415"]

1.Nf3 c5 2.c4 g6 3.Nc3 Bg7 4.g3 Nc6 5.Bg2 e6 6.d4 cxd4 7.Nb5 d5 8.cxd5 exd5
9.O-O Nge7 10.Nfxd4 O-O 11.Be3 a6 12.Nc3 Re8 13.Rc1 Bg4 14.h3 Be6 15.Nxe6 fxe6
16.Na4 b5 17.Nc5 Qd6 18.Bf4 e5 19.Bg5 h6 20.Nb7 Qd7 21.Nc5 Qd6 22.Ne4 Qe6
23.Bxe7 Nxe7 24.Qb3 Rac8 25.Rcd1 Rc4 26.Nd2 e4 27.Nxc4 bxc4 28.Qa4 Rc8 29.b3
c3 30.e3 c2 31.Rc1 Bb2 32.b4 Qc6 33.Qxc6 Rxc6 34.Rfe1 Rc3 35.a4 Nc6 36.b5 axb5
37.axb5 Bxc1 38.Rxc1 Nb4 39.b6 Rc6 40.b7 Rb6 41.f3 Rxb7 42.fxe4 Rc7 43.exd5
Nd3 {#R} 0-1

[Event "PEP 2017"]
[Site "Belgrade SRB"]
[Date "2017.03.08"]
[Round "9"]
[White "Draskovic,L"]
[Black "Drasko,M"]
[Result "1-0"]
[WhiteElo "2458"]
[BlackElo "2441"]

1.c4 e6 2.Nf3 Nf6 3.g3 a6 4.Bg2 b5 5.b3 c5 6.Nc3 Qb6 7.O-O Bb7 8.e3 Be7 9.d4
d6 10.d5 exd5 11.cxd5 O-O 12.e4 Nbd7 13.h3 Rfe8 14.Be3 Bf8 15.Qc2 g6 16.Rac1
Bg7 17.Nd2 Rab8 18.Rfe1 Qa5 19.a4 Bc8 20.axb5 axb5 21.Bf1 b4 22.Na4 Qd8 23.Nb2
Nb6 24.Bg2 Bd7 25.g4 Bb5 26.Bf1 Bxf1 27.Kxf1 Nfd7 28.Nbc4 Nxc4 29.Nxc4 Qe7
30.Bf4 Ne5 31.Bg3 Ra8 32.Kg2 Ra7 33.Re2 Rea8 34.f4 Nxc4 35.Qxc4 Ra2 36.Rxa2
Rxa2+ 37.Rc2 Rxc2+ 38.Qxc2 Qf6 39.e5 dxe5 40.fxe5 Qg5 41.Qe2 h5 42.d6 hxg4
43.hxg4 Qd8 44.e6 fxe6 45.Qxe6+ Kh7 46.d7 Qa8+ 47.Kh2 Qa2+ 48.Kh3 Qa8 49.Qe2
Bf6 50.Qd1 Bd8 51.Bh4 g5 52.Bf2 Qc6 53.Qd3+ Kg7 54.Kh2 Bc7+ 55.Bg3 Bxg3+
56.Kxg3 Qc7+ 57.Kg2 Qd8 58.Kf3 {#r} 1-0

[Event "PEP 2017"]
[Site "Belgrade SRB"]
[Date "2017.03.08"]
[Round "9"]
[White "Radovanovic,Mihajlo"]
[Black "Kovacevic,A"]
[Result "0-1"]
[WhiteElo "2376"]
[BlackElo "2534"]

1.d4 Nf6 2.c4 e6 3.Nc3 c5 4.d5 exd5 5.cxd5 d6 6.e4 g6 7.Nf3 a6 8.a4 Bg4 9.Qb3
Bxf3 10.Qxb7 Nbd7 11.gxf3 Bg7 12.Qc6 O-O 13.Qxd6 Nh5 14.f4 Re8 15.Bg2 Ra7
16.a5 Qh4 17.Ne2 Rc8 18.e5 Bf8 19.Qc6 Rxc6 20.dxc6 Nb8 21.Be3 Rc7 {#R} 0-1

[Event "PEP 2017"]
[Site "Belgrade SRB"]
[Date "2017.03.08"]
[Round "9"]
[White "Ratkovic,Milov"]
[Black "Velikic,A"]
[Result "1-0"]
[WhiteElo "2389"]
[BlackElo "2194"]

1.d4 Nf6 2.Bg5 d5 3.e3 e6 4.Nd2 h6 5.Bh4 c5 6.c3 Nc6 7.Ngf3 Be7 8.Bd3 O-O
9.Bxf6 Bxf6 10.dxc5 a5 11.a4 Be7 12.Nb3 e5 13.e4 Be6 14.Qc2 dxe4 15.Bxe4 Qc7
16.Rd1 Rad8 17.O-O f5 18.Bxc6 bxc6 19.Rxd8 Rxd8 20.Re1 Rb8 21.Nbd4 exd4
22.Rxe6 dxc3 23.Qxc3 Bf6 24.Qc4 Rb4 25.Re8+ Kh7 26.Qg8+ Kg6 27.Re6 Rxa4
28.Qe8+ Kh7 29.Ng5+ {#r} 1-0

[Event "PEP 2017"]
[Site "Belgrade SRB"]
[Date "2017.03.08"]
[Round "9"]
[White "Plenca,Jadranko"]
[Black "Martic,I SRB"]
[Result "1-0"]
[WhiteElo "2422"]
[BlackElo "2367"]

1.e4 c5 2.Nf3 e6 3.d4 cxd4 4.Nxd4 Nc6 5.Nc3 Qc7 6.g3 a6 7.Bg2 h5 8.h3 h4 9.g4
Bc5 10.Be3 Ne5 11.Qe2 g5 12.O-O-O f6 13.f4 gxf4 14.Bxf4 Nd3+ 15.Rxd3 Qxf4+
16.Kb1 Bxd4 17.Rxd4 Qe5 18.Qf2 b5 19.Ne2 Bb7 20.Rhd1 Bc6 21.Rf1 Rh6 22.Nc1
O-O-O 23.Rd3 Qc7 24.e5 Bxg2 25.Qxg2 Kb8 26.g5 fxg5 27.Qxg5 Rh7 28.Qg6 Rh6
29.Qg7 Rh5 30.Rf8 Rg5 31.Qxg5 Rxf8 32.Rd6 Rc8 33.c3 b4 34.Ne2 Qc4 35.Qe3 Rc7
36.Rd4 Qc5 37.Rxb4+ Ka7 38.Qg5 Ne7 39.Rxh4 Nf5 40.Re4 Qd5 41.Qg1+ Rc5 42.Kc1
Kb7 43.Rb4+ Rb5 44.Rxb5+ axb5 45.Qd1 Qxa2 46.Qxd7+ Kb6 47.Nd4 Qa1+ 48.Kc2 Ne3+
49.Kd3 Qd1+ 50.Kxe3 Qc1+ 51.Kf3 Qd1+ 52.Kf4 Qd2+ 53.Kg4 Qg2+ 54.Kh5 Qxh3+
55.Kg6 Qg4+ 56.Kf6 Qh4+ 57.Kxe6 Qh6+ 58.Kd5 Qh1+ 59.Kd6 Qh6+ 60.Ne6 Qd2+
61.Ke7 {#r} 1-0

[Event "ch-TUR w 2017"]
[Site "Aksu TUR"]
[Date "2017.03.08"]
[Round "5.4"]
[White "Isgandarova,K"]
[Black "Ozturk,Ku"]
[Result "1-0"]
[WhiteElo "2194"]
[BlackElo "2287"]

1.Nf3 d5 2.g3 Nf6 3.Bg2 b5 4.d3 Bb7 5.O-O e6 6.Nbd2 Be7 7.e4 c5 8.e5 Nfd7
9.Re1 Nc6 10.a4 a6 11.Nf1 Qc7 12.axb5 axb5 13.Rxa8+ Bxa8 14.Bf4 Bb7 15.h4 O-O
16.N1h2 Ra8 17.Qe2 Ra2 18.c3 c4 19.dxc4 bxc4 20.Ng5 Bxg5 21.hxg5 Nc5 22.Ng4
Kf8 23.Nf6 Nd3 24.Qh5 Nxe1 25.Qxh7 Ke7 26.g6 Ra1 27.Kh2 Nxe5 28.Qxg7 N1f3+
29.Bxf3 Nxf3+ 30.Kg2 Nh4+ 31.Kh3 Rh1+ 32.Kg4 Qxf4+ 33.Kxf4 Nxg6+ 34.Ke3 Re1+
35.Kd2 Rb1 36.Ng8+ Ke8 37.Nh6 Rxb2+ 38.Ke3 d4+ 39.Kxd4 Rxf2 40.Kxc4 Ne7 41.Ng4
Bd5+ 42.Kc5 Rf5 43.Nf6+ {#r} 1-0

[Event "72nd ch-AZE 2017"]
[Site "Baku AZE"]
[Date "2017.03.08"]
[Round "2.3"]
[White "Zeynalov,R"]
[Black "Iskandarov,M"]
[Result "0-1"]
[WhiteElo "2237"]
[BlackElo "2426"]

1.e4 c5 2.Nf3 e6 3.d4 cxd4 4.Nxd4 a6 5.Bd3 Nc6 6.Nxc6 bxc6 7.O-O d5 8.c4 Nf6
9.exd5 cxd5 10.cxd5 exd5 11.Re1+ Be7 12.Qe2 Bg4 13.Qe5 Be6 14.Qg3 Kf8 15.Nc3
Qb6 16.Bf4 Nh5 17.Bc7 Qxb2 18.Qe5 Nf4 19.Bf5 Ng6 20.Bxg6 hxg6 21.Rab1 Qa3
22.Nxd5 Rh5 23.Qf4 Rf5 24.Rb3 Rxf4 25.Rxa3 Rc4 26.Rae3 Bc5 27.Nb6 Bxe3 28.Bd6+
Kg8 29.Nxc4 Bg5 30.f4 Bh4 31.g3 Bf6 32.Ne5 Rd8 33.Bb4 Bxa2 34.Ra1 Bc4 35.Ba5
Rb8 36.Rd1 Be6 37.Nd7 Bxd7 38.Rxd7 Rb5 39.Bd8 Bc3 40.Kg2 a5 41.Ra7 Rb2+ 42.Kf3
Ra2 43.Bc7 Bb4 44.Bb6 a4 45.Bd4 a3 46.Ra4 Bf8 47.Ra8 Rc2 48.h3 f6 49.g4 Kf7
50.g5 fxg5 51.fxg5 a2 52.Ra6 Rh2 53.Kg3 Rd2 54.Be5 Rd3+ 55.Kg4 Ra3 56.Rxa3
Bxa3 57.Kf3 Bd6 58.Ba1 Ke6 59.Ke4 Bg3 60.Bxg7 Bh4 61.Kf4 Kd5 62.Ke3 Bxg5+
63.Kd3 Bf4 {#R} 0-1

[Event "72nd ch-AZE 2017"]
[Site "Baku AZE"]
[Date "2017.03.08"]
[Round "2.5"]
[White "Mustafin,Andrey"]
[Black "Suleymanli,Aydin"]
[Result "0-1"]
[WhiteElo "2270"]
[BlackElo "2390"]

1.b3 d5 2.Bb2 c5 3.e3 Nc6 4.Bb5 e6 5.f4 Bd7 6.Nf3 f6 7.O-O Bd6 8.Nh4 Nge7
9.Bxc6 Bxc6 10.Qg4 Kf7 11.d3 Rf8 12.Nd2 Bd7 13.e4 Kg8 14.Rf3 Qe8 15.Rg3 g6
16.e5 fxe5 17.Bxe5 Bxe5 18.fxe5 Qf7 19.Qe2 Qg7 20.Ndf3 b6 21.c3 Rf4 22.Rh3 h6
23.g3 Rf7 24.Ng2 g5 25.g4 Raf8 26.d4 Ng6 27.Rg3 Nf4 28.Nxf4 Rxf4 29.Kg2 Be8
30.Qe3 Bg6 31.Nd2 Qf7 32.Kg1 Rf2 33.Rg2 Rxg2+ 34.Kxg2 Qf4 35.Qxf4 Rxf4 36.dxc5
Rxg4+ 37.Kf3 Rf4+ 38.Kg3 bxc5 39.Rf1 Rf5 40.Rxf5 exf5 41.h4 Bh5 42.hxg5 hxg5
43.b4 cxb4 44.cxb4 Kf7 45.a4 Ke6 46.b5 Be8 47.a5 Bxb5 48.Nf3 Bc4 49.Nxg5+ Kxe5
50.Kf3 d4 51.Nh3 Bd5+ 52.Ke2 f4 53.Nf2 f3+ 54.Kd3 Be6 55.Kd2 Bf5 56.Kd1 Kf4
57.Kd2 Kg3 58.Ke1 Kg2 59.Nd1 Kg1 60.Nf2 d3 61.Nd1 Bh7 62.a6 Bg6 {#R} 0-1

[Event "72nd ch-AZE 2017"]
[Site "Baku AZE"]
[Date "2017.03.08"]
[Round "2.7"]
[White "Akhmedov,F"]
[Black "Hasanzade,Toghrul"]
[Result "1-0"]
[WhiteElo "2165"]
[BlackElo "2377"]

1.b3 e5 2.Bb2 d6 3.e3 g6 4.d4 exd4 5.Qxd4 f6 6.h4 Nc6 7.Qd2 Be6 8.Nf3 Bg7 9.h5
Qd7 10.c4 O-O-O 11.Nc3 gxh5 12.O-O-O Qf7 13.Nb5 Nge7 14.Nfd4 Nxd4 15.Nxd4 Bg4
16.f3 Bd7 17.Qa5 Kb8 18.Qxh5 Qxh5 19.Rxh5 c5 20.Nc2 Be8 21.Rh1 h5 22.e4 Rf8
23.Kb1 Bg6 24.Bd3 Rde8 25.Ne3 Rh8 26.Nf5 Bxf5 27.exf5 Nc6 28.Be4 Kc7 29.Rh4
Ne5 30.Rdh1 b6 31.Bc1 Kd7 32.Kc2 Nf7 33.Bd5 Ne5 34.Rxh5 Rxh5 35.Rxh5 Nc6
36.Be4 Re7 37.g4 Nd4+ 38.Kd3 b5 39.Rh7 bxc4+ 40.bxc4 Ke8 41.Rh2 Bf8 42.Rh8 Kf7
43.Bd5+ {#r} 1-0

[Event "72nd ch-AZE 2017"]
[Site "Baku AZE"]
[Date "2017.03.08"]
[Round "2.9"]
[White "Guliev,Sarh"]
[Black "Zeynalov,F"]
[Result "1-0"]
[WhiteElo "2403"]
[BlackElo "2317"]

1.d4 Nf6 2.c4 g6 3.Nf3 Bg7 4.g3 O-O 5.Bg2 d6 6.O-O Nc6 7.b3 e5 8.Bb2 e4 9.Ne1
Bf5 10.Nc2 Qd7 11.Re1 Bh3 12.Bh1 Rae8 13.Nc3 Qf5 14.Ne3 Qh5 15.Ncd5 Nxd5
16.Nxd5 g5 17.Qd2 Re6 18.f3 f5 19.f4 Bh6 20.e3 Qf7 21.Rac1 Nd8 22.fxg5 Bxg5
23.Nf4 Rh6 24.d5 Bg4 25.c5 Qd7 26.Bg2 dxc5 27.Rxc5 b6 28.Rc2 c5 29.dxc6 Qxd2
30.Rxd2 Nxc6 31.Rc1 Bh5 32.h4 Bxf4 33.exf4 Bf7 34.Bh3 e3 35.Rd7 Nb8 36.Rxa7
Rg6 37.Bxf5 Rd6 38.Ba3 Rd2 39.Bxf8 Bd5 40.Bxh7+ Kh8 41.Bg7+ Kxh7 42.Bc3+ Kg6
43.Bxd2 exd2 44.Rd1 {#r} 1-0

[Event "72nd ch-AZE 2017"]
[Site "Baku AZE"]
[Date "2017.03.08"]
[Round "2.12"]
[White "Muradli,Mahammad"]
[Black "Soyunlu,N"]
[Result "1-0"]
[WhiteElo "2331"]
[BlackElo "2032"]

1.Nf3 Nf6 2.c4 e6 3.Nc3 b6 4.g3 c5 5.Bg2 Bb7 6.O-O Be7 7.Re1 d5 8.cxd5 Nxd5
9.Nxd5 Qxd5 10.e4 Qd7 11.d4 cxd4 12.Ne5 Qb5 13.Bf4 O-O 14.Rc1 Na6 15.Bf1 Qe8
16.a4 Bc5 17.Bb5 Qd8 18.Bxa6 Bxa6 19.b4 Be7 20.Nc6 Qd7 21.b5 Bc8 22.Qxd4 Qxd4
23.Nxd4 Bc5 24.Nb3 Bb4 25.Red1 f6 26.Bd6 Bxd6 27.Rxd6 e5 28.Nd2 Re8 29.Rdc6
Kf7 30.Nf1 Be6 31.Ne3 Rad8 32.Rc7+ Re7 33.R1c6 Bb3 34.Rxe7+ Kxe7 35.Nf5+ Kf8
36.Rc7 Ra8 37.Rxg7 Bxa4 38.Rxh7 Kg8 39.Rh6 Rf8 40.Rg6+ Kh8 41.Rh6+ Kg8 42.Rg6+
Kh8 43.Rg7 Bxb5 44.Rxa7 Bd3 45.Nd6 Rb8 46.f3 b5 47.Rb7 Rxb7 48.Nxb7 b4 49.Nc5
Bc4 50.Kf2 b3 51.Na4 Bb5 52.Nb2 Kg7 53.h4 Kg6 54.g4 Bd7 55.Ke3 Bc8 56.Kd2 Ba6
57.Nd3 Bc4 58.Ne1 Bb5 59.Kc3 Ba4 60.Nd3 Bb5 61.Nc1 Kh6 62.Nxb3 Be2 63.Nd2 Kg6
64.Kb4 Bd1 65.Kc5 Ba4 66.Kd6 Kg7 67.Ke6 Be8 68.h5 Bf7+ 69.Ke7 Bg8 70.Nf1 Bc4
71.Ng3 Bg8 72.Nf5+ {#r} 1-0

[Event "ISEM URLA GM 2017"]
[Site "Izmir TUR"]
[Date "2017.03.08"]
[Round "1.4"]
[White "Petrov,Marij"]
[Black "Koksal,E"]
[Result "0-1"]
[WhiteElo "2480"]
[BlackElo "2369"]

1.e4 e5 2.Nf3 Nc6 3.Bc4 Bc5 4.c3 Nf6 5.d4 exd4 6.cxd4 Bb4+ 7.Bd2 Bxd2+ 8.Nbxd2
d5 9.exd5 Nxd5 10.Qb3 Na5 11.Qa4+ Nc6 12.Bb5 Bd7 13.O-O O-O 14.Qb3 Nb6 15.Rfe1
Be6 16.Qc3 Bd5 17.a4 a6 18.Bd3 h6 19.Ne5 Nd7 20.f4 Nf6 21.Rad1 Qd6 22.Ndc4
Bxc4 23.Bxc4 Nd5 24.Bxd5 Qxd5 25.Nxc6 bxc6 26.Re5 Qd6 27.Rc5 Qxf4 28.Rxc6 Ra7
29.Rf1 Qe4 30.Re1 Qd5 31.Re5 Qa2 32.a5 Rb7 33.Re2 Rfb8 34.Rxc7 Rxb2 35.Rc8+
Kh7 36.Qd3+ g6 37.Rcc2 Rxc2 38.Qxc2 Qa1+ 39.Kf2 Qxd4+ 40.Kf1 Qa1+ 41.Kf2 Qxa5
42.Re7 Kg7 43.h3 Qb6+ 44.Ke2 Qf6 {#R} 0-1

[Event "ISEM URLA GM 2017"]
[Site "Izmir TUR"]
[Date "2017.03.08"]
[Round "1.5"]
[White "Bagaturov,G"]
[Black "Dedebas,Emre Emin"]
[Result "0-1"]
[WhiteElo "2428"]
[BlackElo "2342"]

1.c4 e5 2.g3 Nc6 3.Bg2 Bc5 4.Nc3 a6 5.Nf3 d6 6.e3 Ba7 7.O-O Nge7 8.b3 O-O
9.Bb2 Rb8 10.d4 exd4 11.exd4 Bg4 12.Ne2 Ng6 13.h3 Bd7 14.Qd2 Re8 15.d5 Nce7
16.g4 Nc8 17.Ng3 Ne5 18.Nd4 b5 19.cxb5 axb5 20.Rad1 Bb6 21.Nc6 Bxc6 22.dxc6
Na7 23.Rfe1 Naxc6 24.Bxc6 Nxc6 25.Bxg7 Rxe1+ 26.Rxe1 Kxg7 27.Nf5+ Kh8 28.Qh6
Bd4 29.Re4 Qf6 30.Qc1 Bc5 31.b4 Nxb4 32.Qe1 Rg8 33.Kh2 Nd3 34.Qe2 Qb2 35.Qxb2+
Nxb2 36.Re7 Rf8 37.Rxc7 Nd3 38.f3 Nb4 39.Rb7 Nxa2 40.Rxb5 Nb4 41.Rb7 Nd5
42.Rd7 Ne3 43.Nxd6 Bxd6+ 44.Rxd6 Kg7 45.Kg3 Re8 46.Kf4 Nc4 47.Rd5 Re6 48.g5
Nd6 49.Rc5 Kg6 50.Kg4 h5+ 51.Kf4 Ne8 52.h4 Ng7 53.Ra5 Rb6 54.Ra4 Nf5 55.Ra8
Nxh4 56.Rg8+ Kh7 57.Re8 Rb3 {#R} 0-1

[Event "ISEM CESMEALTI GM 2017"]
[Site "Izmir TUR"]
[Date "2017.03.08"]
[Round "1.1"]
[White "Mirzoev,A"]
[Black "Erdogdu,M"]
[Result "1-0"]
[WhiteElo "2554"]
[BlackElo "2456"]

1.d4 Nf6 2.c4 e6 3.Nf3 c5 4.Nc3 cxd4 5.Nxd4 Nc6 6.Ndb5 Bc5 7.Bf4 O-O 8.Bc7 Qe7
9.Bd6 Bxd6 10.Qxd6 Ne8 11.Qxe7 Nxe7 12.O-O-O d5 13.cxd5 exd5 14.e3 a6 15.Nd4
Bd7 16.Be2 Rc8 17.Kb1 Nf6 18.Bf3 Rfd8 19.a3 Kf8 20.Rd2 g5 21.g3 a5 22.h4 h6
23.hxg5 hxg5 24.Rhd1 b6 25.Ka1 Kg7 26.Bg2 Rh8 27.Nf3 Bg4 28.Rg1 Rh5 29.Nd4 Rh2
30.Ka2 Bd7 31.Kb3 Rc4 32.Nf3 a4+ 33.Ka2 d4 34.Nxh2 {#r} 1-0

[Event "ISEM CESMEALTI GM 2017"]
[Site "Izmir TUR"]
[Date "2017.03.08"]
[Round "1.2"]
[White "Benidze,D"]
[Black "Ozer,Omer Faruk"]
[Result "1-0"]
[WhiteElo "2515"]
[BlackElo "2373"]

1.Nf3 c5 2.g3 Nc6 3.Bg2 g6 4.O-O Bg7 5.c3 d5 6.d4 cxd4 7.cxd4 Nh6 8.Nc3 Nf5
9.e3 O-O 10.b3 Re8 11.Bb2 e6 12.Rc1 Bd7 13.Qd2 Nd6 14.Rfd1 b6 15.Ne5 Nxe5
16.dxe5 Bxe5 17.e4 Rc8 18.exd5 exd5 19.Nxd5 Rxc1 20.Qxc1 Bf5 21.Bxe5 Rxe5
22.Qc3 f6 23.f4 Re6 24.Nc7 Re7 25.Nb5 Rd7 26.Bc6 Bg4 27.Bxd7 Bxd1 28.Nxd6 Qxd7
29.Ne4 Qe6 30.Nxf6+ Kf7 31.Nxh7 Qe2 32.Ng5+ Kg8 33.Qc8+ {#r} 1-0

[Event "ISEM CESMEALTI GM 2017"]
[Site "Izmir TUR"]
[Date "2017.03.08"]
[Round "1.3"]
[White "Petkov,V"]
[Black "Soysal,Serkan"]
[Result "0-1"]
[WhiteElo "2501"]
[BlackElo "2342"]

1.d4 d5 2.Bf4 c5 3.dxc5 Nc6 4.Nf3 e6 5.e4 Nf6 6.Nc3 Bxc5 7.exd5 exd5 8.Bd3 O-O
9.O-O Re8 10.h3 a6 11.Ne2 Qb6 12.Rb1 Ne4 13.Bg3 a5 14.c3 Bf5 15.a4 h6 16.Qc2
g5 17.Rbd1 Rac8 18.Kh2 Bg6 19.Nd2 Nxg3 20.Nxg3 Nb4 21.cxb4 Bxf2 22.Qb1 Bxg3+
23.Kh1 axb4 24.Nf3 Be4 25.Nd2 Qe3 26.Nxe4 dxe4 27.Qa2 Bf4 28.Bc4 Re7 29.Qb3
Qxb3 30.Bxb3 e3 31.Rde1 e2 32.Rxf4 gxf4 33.Kg1 Re3 34.Bd5 Rc2 35.b3 b6 36.Kf2
Kg7 37.Bc4 Rb2 38.Bd5 f5 39.Bc4 Kf6 40.Bd5 Ke5 41.Bc4 Ke4 42.Bxe2 f3 43.gxf3+
Kf4 {#R} 0-1

[Event "ISEM CESMEALTI GM 2017"]
[Site "Izmir TUR"]
[Date "2017.03.08"]
[Round "1.4"]
[White "Basso,Pier Luigi"]
[Black "Yurtseven,M"]
[Result "1-0"]
[WhiteElo "2462"]
[BlackElo "2316"]

1.e4 e5 2.Nf3 Nc6 3.Bc4 Nf6 4.d3 Bc5 5.O-O d6 6.c3 O-O 7.a4 a5 8.Na3 h6 9.Nc2
d5 10.exd5 Nxd5 11.Re1 Qd6 12.Nd2 Nf6 13.Qf3 Ba7 14.b3 Bg4 15.Qg3 Qd7 16.Ne4
Nh5 17.Qh4 Kh8 18.Ne3 Bxe3 19.fxe3 g5 20.Qf2 Kg7 21.Ba3 Rfb8 22.Rf1 Nd8 23.Nf6
{#r} 1-0